00285nam a2200121Ia 4500008004100000082001400041100001700055245002800072250000800100260003300108300001000141650001200151150201s2008 xx 000 0 und d a617bS08B aBALIGI, B.S. aSTEP BY STEP COLPOSCOPY a1ST bJAYPEE BROTHERSaDELHIc2008 a1-256 aSURGERY